000
00267nam a2200109Ia 4500
008
190914s9999||||xx |||||||||||||| ||und||
100
_a
S.M.Muneer
245
0
_a
Born to Lead the life and times
260
_a
Karachi
_b
Prince Book
_c
2003
300
_a
376
942
_c
BK
999
_c
9420
_d
9420